00421nam a22001577a 450000500170000001000130001702000100003003500130004003700140005308200080006710000220007524500470009724600460014426000530019030000200024320200218111246.0 aA-304014 c60.00 aA-304014 bBPPD/Pub. a921 aاشرف رفیع aنضم طباطبای /cاشرف رفیع aNazm Taba Tabayi (urdu) /bby Ashraf Rafi aHyderabadbIliyas treaters Publishersc1986 ء  a512p.c22cm(Hb)